| 000 | 00788nam a2200193Ii 4500 | ||
|---|---|---|---|
| 003 | JO-AjNU | ||
| 008 | 230605s9999||||xx |||||||||||||| ||und|| | ||
| 040 |
_aJO-AjNU _bara _erda _cJO-AjNU |
||
| 041 | _aara | ||
| 050 | 1 | 4 | _aGV343.5.B32 |
| 100 | 3 |
_aبدوي، عصام, _eauthor _97700 |
|
| 245 | 0 | 0 | _aالتنظيم والإدارة في التربية البدنية والرياضية: استثمار الوقت في ادارة الهيئات الرياضية |
| 264 | 3 | 1 | _aد.م: د.ن |
| 300 | _a170ص | ||
| 336 |
_atext _btxt _2rdacontent |
||
| 337 |
_aunmediated _bn _2rdamedia |
||
| 338 |
_avolume _bnc _2rdacarrier |
||
| 650 | 4 |
_aالتمرينات الرياضية- التربية البدنية- الالعاب الرياضية - التربية الصحية- الثقافة _97701 |
|
| 999 |
_aA413 _c3981 _d3981 |
||